000 00373 a2200169 4500
001 73043
020 _a852624048X
040 _cAnchieta - Colégio São Paulo
100 _aLellis, Marcelo
240 1 0 _aMatemática paratodos
_lpor
245 1 0 _aMatemática paratodos
300 _a351
362 0 _a2003
440 1 _aScipione
650 4 _aMatemática
942 _cBK
999 _c73043
_d73043